[Event "Reykjavik op"]
[Site "Reykjavik"]
[Date "2018.03.13"]
[Round "8"]
[White "Meier, Gerd"]
[Black "Larson, Gerald A"]
[Result "0-1"]
[WhiteElo "1804"]
[BlackElo "2065"]
[PlyCount "75"]
[EventDate "2018.03.06"]
[EventType "swiss"]
[EventRounds "9"]
[EventCountry "ISL"]
[SourceTitle "CBM 183 Extra"]
[Source "ChessBase"]
[SourceDate "2018.04.19"]
[SourceVersion "1"]
[SourceVersionDate "2018.04.19"]
[SourceQuality "1"]

1. e4 c5 2. Nf3 Nc6 3. d4 cxd4 4. Nxd4 g6 5. Be3 Bg7 6. Nc3 Nf6 7. f3 0-0 8. Qd2 d5 9. exd5 Nxd5 10. Nxc6 bxc6 11. Nxd5 cxd5 12. 0-0-0 Be6 13. Bd4 f6 14. Kb1 Qd7 15. f4 Bf5 16. Bd3 Bxd3 17. Qxd3 e5 18. Be3 Rfd8 19. fxe5 fxe5 20. Bg5 e4 21. Qd2 Qb7 22. c3 Rd7 23. Be3 Rb8 24. Ka1 Qb5 25. Rb1 Qa5 26. Bd4 Rd6 27. b4 Qc7 28. Bxg7 Qxg7 29. Rhd1 d4 30. cxd4 Rbd8 31. Qb2 Rxd4 32. Rxd4 Rxd4 33. Rc1 h5 34. Qc3 Rxb4 35. Qxg7+ Kxg7 36. Rc7+ Kf6 37. Rxa7 e3 38. Rc7 0-1

[Event "Reykjavik op"]
[Site "Reykjavik"]
[Date "2018.03.12"]
[Round "7"]
[White "Magnusson, Thorsteinn"]
[Black "Meier, Gerd"]
[Result "0-1"]
[WhiteElo "1435"]
[BlackElo "1804"]
[PlyCount "56"]
[EventDate "2018.03.06"]
[EventType "swiss"]
[EventRounds "9"]
[EventCountry "ISL"]
[SourceTitle "CBM 183 Extra"]
[Source "ChessBase"]
[SourceDate "2018.04.19"]
[SourceVersion "1"]
[SourceVersionDate "2018.04.19"]
[SourceQuality "1"]

1. d4 Nf6 2. Bf4 g6 3. Nc3 d6 4. e4 Bg7 5. Qd2 h5 6. Bc4 c6 7. Nf3 b5 8. Bb3 a5 9. Ng5 e6 10. a3 a4 11. Ba2 d5 12. e5 Nh7 13. Nf3 f6 14. Qd3 g5 15. Qg6+ Kf8 16. exf6 Bxf6 17. Be5 Bd7 18. Bd6+ Be7 19. Nxg5 Nxg5 20. Qf6+ Nf7 21. Bxe7+ Qxe7 22. Qf3 Qg5 23. 0-0 Rh6 24. Rfe1 Rf6 25. Qe2 Na6 26. Bxd5 cxd5 27. Nxb5 Kg7 28. Nc3 Qg4 0-1

[Event "Reykjavik op"]
[Site "Reykjavik"]
[Date "2017.04.21"]
[Round "4"]
[White "Meier, Gerd"]
[Black "Thorarensen, Adalsteinn"]
[Result "1-0"]
[WhiteElo "1779"]
[BlackElo "1686"]
[PlyCount "61"]
[EventDate "2017.04.19"]
[EventType "swiss"]
[EventRounds "10"]
[EventCountry "ISL"]
[SourceTitle "CBM 178 Extra"]
[Source "ChessBase"]
[SourceDate "2017.06.22"]
[SourceVersion "1"]
[SourceVersionDate "2017.06.22"]
[SourceQuality "1"]

1. e4 e6 2. d4 d5 3. Nd2 c5 4. c3 Nf6 5. e5 Ne4 6. Bd3 Nxd2 7. Bxd2 Nc6 8. Nf3 Bd7 9. dxc5 Bxc5 10. b4 Bb6 11. b5 Ne7 12. 0-0 Rc8 13. Ng5 h6 14. Nh3 Nf5 15. Qg4 h5 16. Qf3 Qh4 17. Bxf5 exf5 18. Qxd5 Qc4 19. Qxc4 Rxc4 20. a4 Be6 21. a5 Bc7 22. Rfe1 Rc5 23. b6 Bxe5 24. bxa7 0-0 25. Rxe5 Rxe5 26. Bf4 f6 27. Bxe5 fxe5 28. Rb1 Bd5 29. a6 bxa6 30. Rb8 Bc6 31. Ng5 1-0

[Event "Reykjavik op"]
[Site "Reykjavik"]
[Date "2016.03.16"]
[Round "10"]
[White "Mai, Alexander Oliver"]
[Black "Meier, Gerd"]
[Result "1-0"]
[WhiteElo "1558"]
[BlackElo "1851"]
[PlyCount "89"]
[EventDate "2016.03.08"]
[EventType "swiss"]
[EventRounds "10"]
[EventCountry "ISL"]
[SourceTitle "CBM 171 Extra"]
[Source "ChessBase"]
[SourceDate "2016.04.26"]
[SourceVersion "1"]
[SourceVersionDate "2016.04.26"]
[SourceQuality "1"]

1. g3 e5 2. Bg2 d6 3. d3 g6 4. Nf3 Bg7 5. Nbd2 Nc6 6. 0-0 Nf6 7. e4 0-0 8. Re1 h6 9. a3 Nh5 10. Nf1 Kh7 11. Nh4 Be6 12. Ne3 Qd7 13. Nhf5 Nf4 14. Nxg7 Nxg2 15. Nxe6 Qxe6 16. Kxg2 f5 17. Nd5 Rf7 18. Rf1 g5 19. Bd2 f4 20. f3 Raf8 21. g4 h5 22. h3 a5 23. a4 Nd8 24. c4 c6 25. Nc3 Rf6 26. Rh1 h4 27. Rb1 c5 28. Nd5 R6f7 29. Bxa5 Nc6 30. Bc3 Ra8 31. b4 cxb4 32. Nxb4 Na5 33. Nd5 Nc6 34. Qb3 Ra6 35. Rb2 Qc8 36. Rhb1 Ra7 37. Qa3 Qd7 38. Bb4 Nxb4 39. Rxb4 Kg7 40. Rb6 Rxa4 41. Qxd6 Ra2+ 42. Kg1 Qxd6 43. Rxd6 Rd2 44. Nb4 Rc7 45. Re6 1-0

[Event "Reykjavik op"]
[Site "Reykjavik"]
[Date "2016.03.12"]
[Round "6"]
[White "Enersen, Eirik S"]
[Black "Meier, Gerd"]
[Result "1-0"]
[WhiteElo "1689"]
[BlackElo "1851"]
[PlyCount "93"]
[EventDate "2016.03.08"]
[EventType "swiss"]
[EventRounds "10"]
[EventCountry "ISL"]
[SourceTitle "CBM 171 Extra"]
[Source "ChessBase"]
[SourceDate "2016.04.26"]
[SourceVersion "1"]
[SourceVersionDate "2016.04.26"]
[SourceQuality "1"]

1. e4 c5 2. Nf3 a6 3. c3 d6 4. d4 cxd4 5. cxd4 Nf6 6. Nc3 g6 7. Be2 Bg7 8. 0-0 0-0 9. h3 b5 10. a3 Bb7 11. Bd3 Nbd7 12. Be3 Qa5 13. Qd2 Rfe8 14. Bh6 Bh8 15. Rfc1 Rac8 16. Be3 Qd8 17. Qe2 Bg7 18. Rc2 Nb6 19. Nd2 d5 20. e5 Ne4 21. Ncxe4 Rxc2 22. Bxc2 dxe4 23. Bxe4 Bxe4 24. Nxe4 Nc4 25. b3 Nxe3 26. Qxe3 Qd5 27. Rd1 Rd8 28. f4 Rc8 29. Qf3 Qc6 30. Nc5 Qxf3 31. gxf3 e6 32. Kf2 Bf8 33. b4 Ra8 34. d5 exd5 35. Rxd5 a5 36. Nd3 axb4 37. axb4 Rb8 38. Ke3 h6 39. Ke4 Kg7 40. f5 gxf5+ 41. Kxf5 Rb6 42. Ke4 Be7 43. f4 Bf8 44. Nc5 Rg6 45. f5 Rg1 46. f6+ Kg6 47. Nd3 1-0

[Event "Reykjavik op"]
[Site "Reykjavik"]
[Date "2015.03.16"]
[Round "8"]
[White "Meier, Gerd"]
[Black "Zhou, Qiyu"]
[Result "0-1"]
[WhiteElo "1868"]
[BlackElo "2182"]
[PlyCount "58"]
[EventDate "2015.03.10"]
[EventType "swiss"]
[EventRounds "10"]
[EventCountry "ISL"]
[SourceTitle "CBM 165 Extra"]
[Source "ChessBase"]
[SourceDate "2015.04.21"]
[SourceVersion "1"]
[SourceVersionDate "2015.04.21"]
[SourceQuality "1"]

1. e4 e5 2. Nf3 Nc6 3. Bc4 Bc5 4. c3 Nf6 5. d3 a6 6. a4 Ba7 7. b4 d6 8. 0-0 h6 9. Be3 0-0 10. h3 Ne7 11. Bxa7 Rxa7 12. Nbd2 Ng6 13. d4 Qe7 14. dxe5 dxe5 15. Nh2 Rd8 16. Qc2 Bd7 17. a5 Bc6 18. Rfe1 Raa8 19. Ndf1 Nf4 20. Ng3 g6 21. Nf3 Rd7 22. Rad1 Rad8 23. Nh2 Rxd1 24. Rxd1 Rxd1+ 25. Qxd1 Nxe4 26. Nxe4 Bxe4 27. Bf1 Kg7 28. Qd2 Qg5 29. Ng4 Nxh3+ 0-1

[Event "Reykjavik op"]
[Site "Reykjavik"]
[Date "2015.03.11"]
[Round "3"]
[White "Haessel, Dale R"]
[Black "Meier, Gerd"]
[Result "1-0"]
[WhiteElo "2174"]
[BlackElo "1868"]
[PlyCount "47"]
[EventDate "2015.03.10"]
[EventType "swiss"]
[EventRounds "10"]
[EventCountry "ISL"]
[SourceTitle "CBM 165 Extra"]
[Source "ChessBase"]
[SourceDate "2015.04.21"]
[SourceVersion "1"]
[SourceVersionDate "2015.04.21"]
[SourceQuality "1"]

1. d4 Nf6 2. c4 e5 3. dxe5 Ng4 4. Bf4 Bb4+ 5. Nd2 Nc6 6. Ngf3 Qe7 7. e3 Ngxe5 8. Nxe5 Nxe5 9. Be2 0-0 10. 0-0 Bxd2 11. Qxd2 d6 12. b4 Be6 13. c5 f6 14. cxd6 cxd6 15. Rfd1 Rfd8 16. Rac1 Rac8 17. h3 Rxc1 18. Rxc1 Qd7 19. b5 b6 20. a4 d5 21. Qd4 Ng6 22. Rc7 Qe8 23. Rxa7 Nxf4 24. Qxf4 1-0

[Event "Reykjavik op"]
[Site "Reykjavik"]
[Date "2014.03.12"]
[Round "10"]
[White "Meier, Gerd"]
[Black "Petersson, Baldur Teodor"]
[Result "1/2-1/2"]
[WhiteElo "1901"]
[BlackElo "1624"]
[PlyCount "75"]
[EventDate "2014.03.04"]
[EventType "swiss"]
[EventRounds "10"]
[EventCountry "ISL"]
[SourceTitle "CBM 159 Extra"]
[Source "ChessBase"]
[SourceDate "2014.04.24"]
[SourceVersion "1"]
[SourceVersionDate "2014.04.24"]
[SourceQuality "1"]

1. Nf3 c5 2. c4 e6 3. Nc3 a6 4. g3 Nc6 5. Bg2 Qc7 6. 0-0 Nf6 7. d3 Bd6 8. a3 b6 9. e4 Bb7 10. Re1 h5 11. Nh4 0-0-0 12. f4 e5 13. f5 Rdg8 14. Bg5 Nh7 15. Nd5 Qb8 16. Nxb6+ Kc7 17. Nd5+ Kc8 18. Qxh5 Nxg5 19. Qxg5 Nd4 20. Ne7+ Bxe7 21. Qxe7 Nc2 22. Qxc5+ Qc7 23. Qxc7+ Kxc7 24. Nf3 Nxa1 25. Rxa1 d6 26. b4 Bc6 27. Rc1 Kd7 28. c5 f6 29. h4 a5 30. Nd2 axb4 31. axb4 Rb8 32. cxd6 Rxb4 33. Nc4 Bb5 34. Nb6+ Kxd6 35. Nc8+ Kd7 36. Nb6+ Kd6 37. Nc8+ Kd7 38. Nb6+ 1/2-1/2

[Event "Reykjavik op"]
[Site "Reykjavik"]
[Date "2014.03.04"]
[Round "1"]
[White "Arngrimsson, Dagur"]
[Black "Meier, Gerd"]
[Result "1-0"]
[WhiteElo "2382"]
[BlackElo "1901"]
[PlyCount "129"]
[EventDate "2014.03.04"]
[EventType "swiss"]
[EventRounds "10"]
[EventCountry "ISL"]
[SourceTitle "CBM 159 Extra"]
[Source "ChessBase"]
[SourceDate "2014.04.24"]
[SourceVersion "1"]
[SourceVersionDate "2014.04.24"]
[SourceQuality "1"]

1. d4 Nf6 2. Nf3 e6 3. g3 b6 4. Bg2 Bb7 5. 0-0 Be7 6. c4 0-0 7. Nc3 Ne4 8. Qc2 Nxc3 9. Qxc3 d6 10. Rd1 Nd7 11. b3 Bf6 12. Bb2 c5 13. Qd2 cxd4 14. Bxd4 Bxd4 15. Qxd4 d5 16. cxd5 exd5 17. Nh4 Nf6 18. Nf5 Re8 19. e3 g6 20. Nh6+ Kg7 21. Ng4 h5 22. Nxf6 Qxf6 23. Qxf6+ Kxf6 24. Bxd5 Bxd5 25. Rxd5 Rac8 26. Rd7 a6 27. Rad1 Re6 28. Ra7 a5 29. Rdd7 Rf8 30. Rac7 g5 31. h3 Kg6 32. Kg2 Kf6 33. Rd5 Rb8 34. Kf3 Kg6 35. Ke2 Rf6 36. Rc4 Re8 37. h4 g4 38. a4 Rfe6 39. Rf4 f6 40. Rc4 Rf8 41. Rc7 Rb8 42. Rdd7 Rg8 43. Kd3 Rb8 44. Rg7+ Kf5 45. Rh7 Rd8+ 46. Kc3 Ke4 47. Rxh5 Red6 48. Rc4+ Kf3 49. Rf5+ Ke2 50. Kb2 Rd2+ 51. Rc2 Rxc2+ 52. Kxc2 Rc8+ 53. Kb2 Kd1 54. Rd5+ Ke2 55. Rd4 Kxf2 56. Rxg4 Kxe3 57. Rf4 Rg8 58. Rxf6 Rxg3 59. Rxb6 Rh3 60. Rb5 Rxh4 61. Rxa5 Kd4 62. Rb5 Rh2+ 63. Ka3 Kc3 64. Rc5+ Kd4 65. Rc1 1-0

[Event "Regionalliga NW 1314"]
[Site "Bayern"]
[Date "2014.01.19"]
[Round "5.7"]
[White "Lautenschlager, Gert"]
[Black "Meier, Gerd"]
[Result "1-0"]
[WhiteElo "1868"]
[BlackElo "1704"]
[PlyCount "79"]
[EventDate "2013.10.13"]
[EventType "team-tourn"]
[EventRounds "9"]
[EventCountry "GER"]
[SourceTitle "EXT 2015"]
[Source "ChessBase"]
[SourceDate "2014.11.20"]
[SourceVersion "1"]
[SourceVersionDate "2014.11.20"]
[SourceQuality "1"]
[WhiteTeam "Wuerzburg II"]
[BlackTeam "Thiersheim"]
[WhiteTeamCountry "GER"]
[BlackTeamCountry "GER"]

1. e4 e6 2. d4 d5 3. e5 c5 4. c3 Qb6 5. Nf3 Nc6 6. a3 a5 7. Bd3 f6 8. 0-0 c4 9. Bc2 fxe5 10. dxe5 Qc7 11. Qe2 g6 12. Bg5 Bg7 13. Re1 Nge7 14. a4 0-0 15. Na3 Bd7 16. Nb5 Qb8 17. Nfd4 Nxd4 18. Nxd4 Nc6 19. Nxc6 Bxc6 20. Be7 Rf7 21. Bc5 Qe8 22. g3 Bf8 23. Bd4 b5 24. axb5 Bxb5 25. h4 Qc6 26. Qg4 Bg7 27. h5 gxh5 28. Qxh5 h6 29. f4 Qc8 30. Rf1 Be8 31. Qg4 Bd7 32. Qg6 Be8 33. g4 Qd7 34. f5 exf5 35. Bxf5 Rxf5 36. Qxf5 Qe7 37. e6 Bxd4+ 38. cxd4 Qg7 39. Qf6 Qxg4+ 40. Kf2 1-0

[Event "Liechtenstein op 27th"]
[Site "Triesen"]
[Date "2009.05.15"]
[Round "1"]
[White "Meier, Gerd"]
[Black "Foisor, Cristina Adela B"]
[Result "0-1"]
[WhiteElo "1999"]
[BlackElo "2423"]
[PlyCount "80"]
[EventDate "2009.05.15"]
[EventType "swiss"]
[EventRounds "9"]
[EventCountry "LIE"]
[SourceTitle "CBM 130 Extra"]
[Source "ChessBase"]
[SourceDate "2009.07.02"]
[SourceVersion "2"]
[SourceVersionDate "2009.07.15"]
[SourceQuality "1"]

1. d4 g6 2. Nf3 Bg7 3. e4 d6 4. c4 Nd7 5. Nc3 e5 6. d5 f5 7. Bg5 Ndf6 8. Be2 Ne7 9. Nd2 h6 10. Bxf6 Bxf6 11. exf5 gxf5 12. Bh5+ Kf8 13. Qe2 c6 14. 0-0-0 cxd5 15. cxd5 Bd7 16. Kb1 b5 17. Qf3 Ng8 18. g4 e4 19. Qg3 Be5 20. f4 exf3 21. Qxf3 Nf6 22. gxf5 Nxh5 23. Qxh5 Qg5 24. Qxg5 hxg5 25. Rdf1 Bf4 26. Nb3 Bxf5+ 27. Ka1 Rh4 28. Nd4 Bh3 29. Ne6+ Ke7 30. Nxf4 gxf4 31. Rf2 Rg8 32. Re1+ Kd7 33. Nxb5 Rg2 34. Rxg2 Bxg2 35. Nc3 f3 36. Nd1 Rd4 37. Nf2 Rd2 38. Ne4 Re2 39. Nf6+ Ke7 40. Ng8+ Kf8 0-1

[Event "Liechtenstein op 25th"]
[Site "Triesen"]
[Date "2007.05.11"]
[Round "1"]
[White "Kostic, Vladimir G"]
[Black "Meier, Gerd"]
[Result "1-0"]
[WhiteElo "2410"]
[BlackElo "2023"]
[PlyCount "41"]
[EventDate "2007.05.11"]
[EventType "swiss"]
[EventRounds "9"]
[EventCountry "LIE"]
[SourceTitle "CBM 118 Extra"]
[Source "ChessBase"]
[SourceDate "2007.07.04"]
[SourceVersion "1"]
[SourceVersionDate "2007.07.04"]
[SourceQuality "1"]

1. e4 c5 2. Nf3 d6 3. d4 cxd4 4. Nxd4 Nf6 5. Nc3 a6 6. f4 e6 7. Bd3 Nc6 8. Nxc6 bxc6 9. Qf3 Qb6 10. Bd2 Be7 11. b3 e5 12. Na4 Qc7 13. 0-0 0-0 14. Kh1 exf4 15. Bxf4 Nd7 16. Qg3 Bf6 17. Bxd6 Qd8 18. Bxf8 Bxa1 19. Bd6 Bf6 20. e5 Be7 21. Bc4 1-0

[Event "Liechtenstein op 23rd"]
[Site "Triesen"]
[Date "2005.05.01"]
[Round "3"]
[White "Meier, Gerd"]
[Black "Schwarz, Urs"]
[Result "1/2-1/2"]
[WhiteElo "2078"]
[BlackElo "2127"]
[PlyCount "29"]
[EventDate "2005.04.29"]
[EventType "swiss"]
[EventRounds "9"]
[EventCountry "LIE"]
[SourceTitle "CBM 106 Extra"]
[Source "ChessBase"]
[SourceDate "2005.07.01"]
[SourceVersion "1"]
[SourceVersionDate "2005.07.01"]
[SourceQuality "1"]

1. e4 g6 2. d4 Bg7 3. Nc3 d6 4. g3 Nf6 5. Bg2 0-0 6. Nge2 e5 7. dxe5 dxe5 8. Qxd8 Rxd8 9. 0-0 c6 10. h3 Na6 11. Be3 Be6 12. a3 h6 13. Rfd1 Re8 14. Rd2 Bf8 15. Rad1 1/2-1/2

[Event "Chambery op 8th"]
[Site "Chambery"]
[Date "2002.08.07"]
[Round "6"]
[White "Bardel, Stephan"]
[Black "Meier, Gerd"]
[Result "0-1"]
[WhiteElo "2288"]
[BlackElo "2113"]
[PlyCount "104"]
[EventDate "2002.08.02"]
[EventType "swiss"]
[EventRounds "9"]
[EventCountry "FRA"]
[SourceTitle "CBM 089 Extra"]
[Source "ChessBase"]
[SourceDate "2002.09.10"]
[SourceVersion "2"]
[SourceVersionDate "2002.09.10"]
[SourceQuality "1"]

1. c4 b6 2. d4 e6 3. Nf3 Bb7 4. e3 Bb4+ 5. Nbd2 Nf6 6. Bd3 c5 7. 0-0 cxd4 8. exd4 0-0 9. a3 Be7 10. b4 a5 11. bxa5 Rxa5 12. Re1 d6 13. Bb2 Nbd7 14. Bc3 Ra7 15. Qe2 d5 16. Bb4 dxc4 17. Nxc4 Nd5 18. Nd6 N7f6 19. Nxb7 Rxb7 20. Bd2 Qa8 21. a4 Bb4 22. Rec1 Ra7 23. Bb5 Bxd2 24. Qxd2 Rc8 25. Ne5 Ne4 26. Qb2 Rac7 27. Bd7 Rxc1+ 28. Rxc1 Rxc1+ 29. Qxc1 Nec3 30. Qa3 Ne2+ 31. Kf1 Nxd4 32. Qb2 Nf5 33. Bc6 Qa6+ 34. Qb5 Qxb5+ 35. axb5 Nfe7 36. Nd7 f6 37. Ke2 Kf7 38. g3 Nxc6 39. bxc6 Ke7 40. Kd3 b5 41. Kd4 Kd6 42. f4 Ne7 43. Nf8 Nxc6+ 44. Ke4 h6 45. g4 b4 46. Kd3 Kd5 47. Nd7 e5 48. f5 e4+ 49. Ke3 Ne5 50. Nb6+ Kc5 51. Na4+ Kb5 52. Nb2 Nc4+ 0-1